Trồng- chăm sóc & phòng trừ sâu bệnh:

Gespeichert in:
Bibliographische Detailangaben
1. Verfasser: Nguyễn, Mạnh Chinh
Format: Buch
Sprache:Undetermined
Veröffentlicht: Hà Nội Nông Nghiệp 2007
Schlagworte:
Tags: Tag hinzufügen
Keine Tags, Fügen Sie den ersten Tag hinzu!
Thư viện lưu trữ: Trung tâm Học liệu Trường Đại học Cần Thơ
LEADER 00603nam a2200193Ia 4500
001 CTU_122308
008 210402s9999 xx 000 0 und d
020 |c 12000 
082 |a 632.9 
082 |b Ch312/Q.21 
100 |a Nguyễn, Mạnh Chinh 
245 0 |a Trồng- chăm sóc & phòng trừ sâu bệnh: 
245 0 |c Nguyễn Mạnh Chinh, Nguyễn Đăng Nghĩa 
260 |a Hà Nội 
260 |b Nông Nghiệp 
260 |c 2007 
650 |a Diseases and pests,Plants, protection of 
904 |i M.Loan 
980 |a Trung tâm Học liệu Trường Đại học Cần Thơ